000 00703nam a22001337a 4500
999 _c527249
_d527249
008 240816b ||||| |||| 00| 0 eng d
100 _aMukherjee, Aditya
_947057
245 _aJawaharlal, Nehru in our past, present and future
260 _aSocial Scientist
300 _a52(3-4), Mar-Apr, 2024: p.3-36
520 _aAs all of you are aware, the idea of India is deeply threatened today and the discipline of history is being mauled beyond recognition and caponized to destroy the idea of India by relations communal forces, which not only did not participate in India’s freedom struggle but indeed collaborated with imperialism. – Reproduced
773 _aSocial Scientist
942 _cAR